Пропуск в контексте

Практические задания для самостоятельного выполнения и контроля знаний к изучению дисциплины: «Учёт на предприятиях малого бизнеса и крестьянских (фермерских) хозяйствах»

Практические задания занятий и самостоятельной работы составлены в соответствии с программой и включают в себя материал по учёту на предприятиях малого бизнеса и в крестьянских (фермерских) хозяйствах. Приведены основные моменты, на которые следует обратить внимание студентов, предусмотрена самостоя...

תיאור מלא

שמור ב:
מידע ביבליוגרפי
מחבר ראשי: Гуляев Н. С.
מחברים אחרים: Букина О. В.
פורמט: Книга
שפה:Russian
יצא לאור: Орел ОрелГАУ 2013
גישה מקוונת:http://e.lanbook.com/books/element.php?pl1_id=71270
https://e.lanbook.com/img/cover/book/71270.jpg
תגים: הוספת תג
אין תגיות, היה/י הראשונ/ה לתייג את הרשומה!
LEADER 02676nam0a2200241 i 4500
001 71270
003 RuSpLAN
005 20221220173945.0
008 221220s2013 ru gs 000 0 rus
040 |a RuSpLAN 
041 0 |a rus 
044 |a ru 
245 0 0 |a Практические задания для самостоятельного выполнения и контроля знаний к изучению дисциплины: «Учёт на предприятиях малого бизнеса и крестьянских (фермерских) хозяйствах»  |c Гуляев Н. С.,Букина О. В. 
260 |a Орел  |b ОрелГАУ  |c 2013 
300 |a 49 с. 
504 |a Библиогр.: доступна в карточке книги, на сайте ЭБС Лань 
520 8 |a Практические задания занятий и самостоятельной работы составлены в соответствии с программой и включают в себя материал по учёту на предприятиях малого бизнеса и в крестьянских (фермерских) хозяйствах. Приведены основные моменты, на которые следует обратить внимание студентов, предусмотрена самостоятельная работа. Курс «Учет на предприятиях малого бизнеса и в крестьянских (фермерских) хозяйствах» способствует углубленному изучению особенностей методологии бухгалтерского учета, налогообложения и анализа важнейших показателей финансово-хозяйственной деятельности малого предприятия и крестьянских (фермерских) хозяйств. Даны тесты, помогающие студентам закрепить знания, а преподавателям выявить степень усвоения данного предмета. Предназначено для студентов вузов экономических специальностей. 
521 8 |a Книга из коллекции ОрелГАУ - Ветеринария и сельское хозяйство 
100 1 |a Гуляев Н. С. 
700 1 |a Букина О. В. 
856 4 |u http://e.lanbook.com/books/element.php?pl1_id=71270 
856 4 8 |u https://e.lanbook.com/img/cover/book/71270.jpg 
953 |a https://e.lanbook.com/img/cover/book/71270.jpg